000 00298nam a22001337a 4500
008 170801b xxu||||| |||| 00| 0 eng d
020 _a2908120313803
041 _aeng
080 _a004
100 _a32
101 _aSHK
245 _aDISTRIBUTED OPERATING SYSTEMS
_cSINHA,P.K
942 _2udc
_cBK
999 _c22395
_d22395